[Event "Surabaya Zindgani Cup op"]
[Site "Surabaya"]
[Date "2018.11.09"]
[Round "4"]
[White "Tarimo, Didik Widiarso"]
[Black "Andika, Yogi Setiawan"]
[Result "0-1"]
[WhiteElo "1748"]
[BlackElo "2082"]
[PlyCount "86"]
[EventDate "2018.11.07"]
[EventType "swiss"]
[EventRounds "9"]
[EventCountry "INA"]
[SourceTitle "EXT 2020"]
[Source "ChessBase"]
[SourceDate "2019.10.17"]
[SourceVersion "1"]
[SourceVersionDate "2019.10.17"]
[SourceQuality "1"]

1. f4 c5 2. Nf3 d5 3. g3 Nc6 4. Bg2 g6 5. d3 e6 6. 0-0 Bg7 7. Na3 Nge7 8. c4 0-0 9. e4 Rb8 10. Qe2 a6 11. Rb1 b5 12. b3 Qa5 13. Bb2 bxc4 14. Bxg7 Kxg7 15. Qb2+ c3 16. Qc1 d4 17. Rf2 Qc7 18. Nc4 a5 19. Nh4 f5 20. h3 Ba6 21. g4 Bxc4 22. dxc4 a4 23. gxf5 exf5 24. e5 axb3 25. axb3 Nb4 26. Bf1 Ra8 27. Nf3 Ra6 28. Ne1 Rfa8 29. Nc2 Nec6 30. Qe1 Nxc2 31. Rxc2 Ra2 32. Rbc1 Qe7 33. Rxa2 Rxa2 34. Bg2 Nb4 35. Bf1 Ra6 36. Qg3 Qd7 37. Bd3 Nxd3 38. Qxd3 Qa7 39. Kf2 Ra2+ 40. Kg3 Qb7 41. Qf3 Qxf3+ 42. Kxf3 Rd2 43. Ra1 c2 0-1

[Event "Budapest FS10 Development"]
[Site "Budapest"]
[Date "2017.10.14"]
[Round "7"]
[White "Szurkos, Andras"]
[Black "Tarimo, Didik Widiarso"]
[Result "1-0"]
[WhiteElo "1624"]
[BlackElo "1673"]
[PlyCount "95"]
[EventDate "2017.10.07"]
[EventType "tourn"]
[EventRounds "10"]
[EventCountry "HUN"]
[SourceTitle "CBM 181 Extra"]
[Source "ChessBase"]
[SourceDate "2017.12.12"]
[SourceVersion "1"]
[SourceVersionDate "2017.12.12"]
[SourceQuality "1"]

1. e4 e6 2. d4 d5 3. Nc3 Bb4 4. Bd3 dxe4 5. Bxe4 Nf6 6. Bg5 h6 7. Bxf6 Qxf6 8. Nge2 0-0 9. 0-0 a6 10. a3 Bd6 11. Bf3 Be7 12. Ne4 Qg6 13. c3 Nd7 14. Nf4 Qh7 15. Nh5 Rd8 16. Qe2 Rb8 17. b4 b6 18. Neg3 g6 19. Nf4 Bf6 20. Bc6 Bg7 21. Rae1 Nf8 22. Nd3 Rd6 23. Qf3 Bd7 24. Bxd7 Nxd7 25. Ne4 Rd5 26. Nf4 Rf5 27. Ng3 Rf6 28. Ne4 Rf5 29. g4 Rg5 30. h4 Rd5 31. Nxd5 exd5 32. Ng3 c6 33. Re7 Nf6 34. g5 hxg5 35. hxg5 Nh5 36. Qxf7+ Kh8 37. Rfe1 Rf8 38. Re8 Qg8 39. Rxf8 Bxf8 40. Qxg8+ Kxg8 41. Nxh5 gxh5 42. Re8 Kf7 43. Ra8 a5 44. bxa5 bxa5 45. Rxa5 Kg6 46. Ra8 Be7 47. a4 c5 48. Re8 1-0

[Event "Hradec Kralove op 8th"]
[Site "Hradec Kralove"]
[Date "2017.10.06"]
[Round "7"]
[White "Kuru, Martin"]
[Black "Tarimo, Didik Widiarso"]
[Result "0-1"]
[WhiteElo "1927"]
[BlackElo "1673"]
[PlyCount "66"]
[EventDate "2017.10.01"]
[EventType "swiss"]
[EventRounds "9"]
[EventCountry "CZE"]
[SourceTitle "CBM 181 Extra"]
[Source "ChessBase"]
[SourceDate "2017.12.12"]
[SourceVersion "1"]
[SourceVersionDate "2017.12.12"]
[SourceQuality "1"]

1. d4 Nf6 2. Bg5 d5 3. Nf3 Nbd7 4. e3 h6 5. Bf4 Nh5 6. Bg3 Nxg3 7. hxg3 Nf6 8. Bd3 e6 9. Nbd2 Bd6 10. Qe2 b6 11. c3 Bb7 12. Bb5+ c6 13. Bd3 Qc7 14. e4 dxe4 15. Nxe4 Be7 16. Ne5 a6 17. Ng5 0-0 18. Ngf3 Bd6 19. 0-0-0 c5 20. dxc5 Qxc5 21. Rhe1 b5 22. g4 Rfe8 23. g5 Bxf3 24. gxf3 hxg5 25. Kb1 Rad8 26. Ng4 Nd5 27. Qc2 f5 28. Ne3 Nf4 29. Bf1 Be7 30. Qb3 Rxd1+ 31. Rxd1 Rd8 32. Rxd8+ Bxd8 33. Ng2 Qxf2 0-1

[Event "Trebic Highlands op 11th"]
[Site "Trebic"]
[Date "2017.09.24"]
[Round "2"]
[White "Tarimo, Didik Widiarso"]
[Black "Lampir, Tomas"]
[Result "0-1"]
[WhiteElo "1542"]
[BlackElo "2077"]
[PlyCount "94"]
[EventDate "2017.09.23"]
[EventType "swiss"]
[EventRounds "9"]
[EventCountry "CZE"]
[SourceTitle "EXT 2018"]
[Source "ChessBase"]
[SourceDate "2017.10.13"]
[SourceVersion "1"]
[SourceVersionDate "2017.10.13"]
[SourceQuality "1"]

1. d4 d5 2. Bf4 Nf6 3. Nf3 g6 4. e3 Bg7 5. Be2 0-0 6. h3 c5 7. c3 Nc6 8. Nbd2 c4 9. 0-0 b5 10. b3 Bf5 11. g4 Bd7 12. bxc4 bxc4 13. Ne5 Ne8 14. Nxc6 Bxc6 15. Bf3 Rc8 16. Qc2 Nd6 17. Rfe1 Qa5 18. Rab1 Rfe8 19. Rb4 e5 20. Bh2 Nb5 21. a4 exd4 22. Rxb5 Bxb5 23. exd4 Bd7 24. Nf1 Rc6 25. Ne3 Be6 26. Rb1 Rb6 27. Re1 Rc8 28. Ra1 Rb3 29. Nd1 Bxd4 30. Kg2 Bxc3 31. Nxc3 Qxc3 32. Qxc3 Rxc3 33. Be5 Rb3 34. Bd1 Rb7 35. Be2 Bd7 36. f3 Re8 37. f4 Rb2 38. Kf3 Rxe2 39. Kxe2 f6 40. Ke3 fxe5 41. fxe5 Rxe5+ 42. Kd4 Re2 43. Kxd5 c3 44. Kd4 c2 45. Kd3 Rh2 46. Kc3 Bxa4 47. Kb2 c1Q+ 0-1

[Event "Budapest FS09 Development"]
[Site "Budapest"]
[Date "2017.09.09"]
[Round "7"]
[White "Szabo, A Martin"]
[Black "Tarimo, Didik Widiarso"]
[Result "1/2-1/2"]
[WhiteElo "1574"]
[BlackElo "1542"]
[PlyCount "67"]
[EventDate "2017.09.02"]
[EventType "tourn"]
[EventRounds "10"]
[EventCountry "HUN"]
[SourceTitle "CBM 180 Extra"]
[Source "ChessBase"]
[SourceDate "2017.10.06"]
[SourceVersion "1"]
[SourceVersionDate "2017.10.06"]
[SourceQuality "1"]

1. d4 Nf6 2. c4 c5 3. d5 b5 4. cxb5 a6 5. bxa6 g6 6. Nc3 Bxa6 7. Nf3 Bg7 8. e4 Bxf1 9. Kxf1 d6 10. g3 Nbd7 11. Kg2 0-0 12. a4 Qa5 13. Bd2 Rfb8 14. Nb5 Qb6 15. Qc2 Ra6 16. h3 Qb7 17. Rhe1 Nb6 18. Bc3 Rc8 19. b3 Qa8 20. Qb2 Qb7 21. Nd2 Qd7 22. Nc4 Ne8 23. Bxg7 Nxg7 24. Nxb6 Rxb6 25. g4 Ne8 26. e5 Qb7 27. Rad1 Nc7 28. Nxc7 Qxc7 29. exd6 exd6 30. Qf6 Rb7 31. Re3 Qd8 32. Qc3 Ra8 33. Rde1 Qf8 34. Re4 1/2-1/2

[Event "Budapest FS09 Development"]
[Site "Budapest"]
[Date "2017.09.04"]
[Round "3"]
[White "Brassoi Tarnovszki, Aurel"]
[Black "Tarimo, Didik Widiarso"]
[Result "0-1"]
[WhiteElo "1550"]
[BlackElo "1542"]
[PlyCount "34"]
[EventDate "2017.09.02"]
[EventType "tourn"]
[EventRounds "10"]
[EventCountry "HUN"]
[SourceTitle "CBM 180 Extra"]
[Source "ChessBase"]
[SourceDate "2017.10.06"]
[SourceVersion "1"]
[SourceVersionDate "2017.10.06"]
[SourceQuality "1"]

1. d4 Nf6 2. c4 c5 3. e3 cxd4 4. exd4 d5 5. b3 g6 6. Nf3 Bg7 7. Be2 0-0 8. 0-0 Nc6 9. Nc3 Bf5 10. Nh4 Be6 11. f4 Qa5 12. Bb2 Rad8 13. Na4 Qc7 14. f5 Bc8 15. fxg6 hxg6 16. Nf3 dxc4 17. bxc4 Ng4 0-1